| 000 | 01923 a2200193 4500 | ||
|---|---|---|---|
| 001 | 58980 | ||
| 005 | 20260407155844.0 | ||
| 008 | 260407a1946 arg spa d | ||
| 003 | AR-UNSa-BCEJYS | ||
| 040 |
_aAR-UNSa-BCEJYS _bspa _cAR-UNSa-BCEJYS |
||
| 080 |
_a338.45:631(82) _xIndustrias Agrícolas Argentinas |
||
| 245 | 1 | 0 | _aOrientación económica de la Agricultura Argentina |
| 264 | 1 |
_aBuenos Aires : _bLosada _c1946 |
|
| 300 |
_a250 p. _c21 cm. |
||
| 505 | _a1. Panorama general de la evolución agrícola en lo que va del siglo – 2. La agricultura Argentina se ha orientado hacia la especialización – 3. Los sistemas de producción que se han seguido no han sido racionales – 4. La expansión de nuestra cerealicultura se debe a los ganaderos – 5. La ganadería orienta a la Agricultura Argentina – 6. Gravitación económica y social de la orientación ganadera sobre el medio rural – 7. Influencia de la orientación ganadera sobre el régimen de tenencia de la tierra – 8. Los cultivos industriales precursores de una nueva orientación agrícola – 9. Cultivos industriales explotados desde antiguo en el país – 10. Estado actual y perspectiva de los cultivos industriales nuevos – 11. El aprovechamiento de ciertas plantas espontaneas con fines industriales – 12. La intensificación de la horticultura y de la fruticultura – 13. Política forestal – 14. La intensificación de la producción granjera – 15. La colonización suburbana – 16. Las leyes más recientes tienden a estimular la nueva orientación – 17. Posibles proyecciones de orden económico como consecuencia del cambio de orientación – 18. Proyecciones de orden social – 19. Influencia de la cultura sobre la evolución de la cooperación agrícola – 20. Orientación agrícola- ganadera vs ganadera- agrícola | ||
| 942 | _cBK | ||
| 590 | _aniveau_biblio:m niveau_hierar:0 | ||
| 100 | 1 | _aTenembaum, Juan L. | |
| 999 |
_c6538 _d6538 |
||